00544nam a22001817a 450000500170000001000170001702000220003402000250005603500170008103700230009808200120012110000060013324500850013926000400022427000710026430000240033571000030035920110719120839.0 aB-430669-670 a817769622xc65.00 a9788177696226c65.00 aB-430669-670 bAllied Publishers  a615.321 a  aTurmeric and its medicinal uses /cCompiled and edited by Christopher N Burchett aVaranasibPilgrims Publishingc2008 aB27/98, A-8, Nawabganj Road, Durga Kund,bVaranasie91-542-2314060 a64p.c15 cm ( pbk.)